Lyrics to 'Cambios extraños' by Ricardo Murguía - Statistics

General Stats
  • This quiz has been taken 8 times
  • The average score is 111 of 159
Answer Stats
Answer % Correct
a
100%
el
100%
El
100%
en
100%
es
100%
te
100%
y
100%
Y
100%
Yo
100%
yo
100%
acabó
67%
aguantar
67%
alguna
67%
amado
67%
amigo
67%
amigos
67%
amistad
67%
amor
67%
aterriza
67%
avisar
67%
bien
67%
cambiar
67%
cambios
67%
Cambios
67%
comienza
67%
con
67%
conocer
67%
contarte
67%
crees
67%
de
67%
De
67%
desear
67%
duda
67%
elección
67%
están
67%
extraño
67%
extraños
67%
fue
67%
Fui
67%
hay
67%
he
67%
intruso
67%
los
67%
lujos
67%
Me
67%
me
67%
mi
67%
Mi
67%
67%
mis
67%
muy
67%
No
67%
no
67%
olvidó
67%
perdí
67%
Pero
67%
pero
67%
poseía
67%
pronto
67%
pues
67%
que
67%
queda
67%
quedé
67%
quien
67%
Quiero
67%
remedio
67%
respetado
67%
resulta
67%
se
67%
sin
67%
temido
67%
tenia
67%
todo
67%
tranquila
67%
un
67%
una
67%
vida
67%
vivía
67%
ya
67%
Acabas
33%
aceptado
33%
armario
33%
bomba
33%
bromas
33%
Celebra
33%
como
33%
descuides
33%
peligras
33%
quedarás
33%
solo
33%
tus
33%
No matching quizzes found
Score Distribution
Percent of People with Each Score
Percentile by Number Answered
Your Score History
You have not taken this quiz